000 01163nam a22002777a 4500
005 2010040708268.0
008 100407t xxu||||| |||| 00| 0 eng d
010 _a ENG-95999
020 _a9788131730157 (pbk. : alk. paper)
035 _aEN-79532
037 _bDBAD/VEN
040 _adpl
050 _aHM1106
082 _a158.2
_222
100 _aTemplar, Richard,
_d1950-2006.
245 _aThe rules of love /
_cby Richard Templar.
260 _aNew Delhi
_bDorling Kindersley (India) Pvt. Ltd., Licensees of Pearson Education,
_c2010
270 _a14, Local Shopping Centre, Panchsheel Park
_bNew Delhi
_e110017
300 _axiv, 223 p. ;
_c22 cm.
650 _aInterpersonal relations.
650 _aLove.
856 _uhttp://www.loc.gov/catdir/toc/ecip0823/2008030533.html
942 _2ddc
_cEN
_mTEM
_h158.2
999 _c35149
_d35149